5 letter word chain for freaks - Statistics

General Stats
  • This quiz has been taken 38 times
  • The average score is 10 of 16
Answer Stats
Hint Answer % Correct
Mermaid that wanted legs Ariel
92%
Slightly larger violin Viola
92%
Outermost layer of the earth Crust
86%
Watergate guy Nixon
81%
Light shade of purple named for a flower Lilac
75%
74 in roman numerals LXXIV
75%
Third noble gas Argon
72%
Smallest island nation Nauru
72%
Big rock in the land down under Uluru
69%
Spanish sharing plates Tapas
67%
East _____ Company India
64%
Dangly thing in your throat Uvula
61%
Protagonist of Cars 2 Mater
42%
Roaming samurai with no master Ronin
33%
A proposition which is assumed true Axiom
25%
Japanese board game similar to chess Shogi
25%
No matching quizzes found
Score Distribution
Percent of People with Each Score
Percentile by Number Answered
Your Score History
You have not taken this quiz